Loading...
| History - Other History | 2 | 3 | 0 | 0 | 60 | 68 | 90.60 | 2 | 5 |
| Religion | 1 | 2 | 1 | 0 | 30 | 38 | 77.67 | 3 | 3 |
| Social Science | 0 | 3 | 0 | 0 | 30 | 65 | 84.67 | 3 | 3 |
| History - American History | 0 | 2 | 0 | 0 | 20 | 91 | 99.50 | 1 | 2 |
| Fine Arts - Other Fine Arts | 1 | 0 | 0 | 0 | 15 | 95 | 95.00 | 0 | 1 |
| Science - Other Science | 1 | 0 | 0 | 0 | 15 | 72 | 72.00 | 1 | 1 |
| Science - Physics | 1 | 0 | 0 | 0 | 15 | 64 | 64.00 | 1 | 1 |
| History - European History | 0 | 2 | 2 | 0 | 10 | 89 | 93.00 | 2 | 2 |
| History - World History | 0 | 1 | 1 | 0 | 5 | 129 | 129.00 | 0 | 1 |
| Science - Chemistry | 0 | 0 | 1 | 0 | -5 | 0.00 | 0 | 0 | |
| Pop Culture | 0 | 0 | 1 | 0 | -5 | 0.00 | 0 | 0 |